| 000 | 00380nam a22001577a 4500 | ||
|---|---|---|---|
| 003 | SGT | ||
| 020 | _a9780736086950 | ||
| 082 |
_a796.3320 _bS11R |
||
| 100 | _aRAMSEYER, BILL | ||
| 245 | _aTHE SKILLS, STRATEGIES, SYSTEMS AND PALAS FOR WINNING FOOTBALL | ||
| 250 | _a1ST | ||
| 260 |
_aU.K. _bHUMAN KINETICS PUB _c2011 |
||
| 300 | _a231 | ||
| 650 | _aSPORTS | ||
| 942 |
_2ddc _cBK |
||
| 999 |
_c21985 _d21985 |
||